Responses for Show #2308 - Wednesday, September 21, 1994

Contestants

[<< previous game]

George McIntyre, a refugee resettlement officer originally from Skye, Scotland

Philip Lake, a marketing consultant from Chicago, Illinois

Neil Quarterman, a foreign service officer from Washington, D.C. (whose 1-day cash winnings total $12,000)

[next game >>]

Jeopardy! Round responses

NATURE
SMELL
WORLD CUP '94
CAPITAL CITIES
THE OLD TESTAMENT
FIRSTS
    $100 8
plants

Philip
    $100 25
to high heaven

George
    $100 2
Brazil

Philip
    $100 1
Copenhagen

Philip
    $100 12
Blood

Philip
    $100 13
the Pony Express

Neil
    $200 17
lightning

George
    $200 26
potpourri

Philip
    $200 3
(Alex: The host country, yes.)

The United States

Philip
    $200 4
Vienna

Neil
    $200 15
Seth

Philip
    $200 14
stamps

Philip
    $300 18
(Philip: What are redwoods?)
(Alex: Be more specific.)

sequoias

Philip
    $300 28
almonds

Neil
    $300 9
yellow cards

Philip
    $300 5
Santiago

George
    $300 19
(Philip: What is Passover?)

Yom Kippur

PhilipGeorge
    $300 16
Singer

Philip
    $400 21
bamboo

Philip
    $400 29
perfume

Neil
    $400 10
[Philip slightly elongated the word.]
(Alex: Well done, too.)

"Gol!"

Philip
    $400 6
(Philip: What is Sydney?)

Canberra

NeilPhilip
    $400 20
Saul

Philip
    $400 22
the Savannah

Neil
    $500 27
pyrite

Neil
    $500 30
(Neil: No idea.)

pomander

Neil
    $500 11
Russia

Philip
    $500 7
Nassau

George
    $500 24
Judges

Triple Stumper
    $500 23
(George: What is Massachusetts?)

Connecticut

NeilGeorge

Scores at the first commercial break (after clue 15):

Neil Philip George
$700 $1,800 $800

Scores at the end of the Jeopardy! Round:

Neil Philip George
$2,300 $3,100 $900

Double Jeopardy! Round responses

THE CIVIL WAR
MAESTROS
NATIONAL MONUMENTS
BUSINESS TALK
BOOKS & AUTHORS
"LAST"s
    $200 2
Grant

Philip
    $200 6
Bernstein

Philip
    $200 5
the Statue of Liberty

Philip
    $200 22
the capital

Neil
    $200 23
Treasure Island

Philip
    $200 1
a last name

Neil
    $400 3
Lincoln

Philip
    $400 12
the cello

Philip
    $400 9
St. Augustine

Neil
    $400 24
bait and switch

Philip
    $400 20
(John) Grisham

Philip
    $400 21
the last drop

Triple Stumper
    $600 4
(George: What is Sharpsville?)

Sharpsburg

NeilGeorge
    $1,300 13
Helsinki

Philip
    $600 10
(George: What is Arizona?)
(Neil: What is New Mexico?)

Colorado

NeilGeorge
Triple Stumper
    $600 25
a conglomerate

George
    $600 19
baseball

Neil
    $600 27
the last rites

Neil
    $800 7
Andersonville

Neil
    $800 14
(Leopold) Stokowski

Neil
    $800 11
the Snake

Philip
    $800 26
sanctions

Neil
    $800 18
The Day of the Locust

George
    $800 28
Safety Last

Neil
    $1000 8
Belle Boyd

Neil
    $1000 16
Zubin Mehta

Neil
    $1,500 15
(Neil: What is the Painted Desert?)

White Sands National Monument

Neil
    $1000 30
most favored nation

Philip
    $1000 17
Harriet Beecher Stowe

Neil
    $1000 29
"The Last Time I Saw Paris"

Neil

Scores at the end of the Double Jeopardy! Round:

Neil Philip George
$10,000 $8,600 $1,100

[wagering suggestions for these scores]

Final Jeopardy! Round responses

QUEENS
[Philip wrote his response on a paper card.]
GeorgeWho was Eleanor of Aquitaine
$1,099
PhilipWho is Elinore of Aquitane?
$3,000
NeilWho was Elanor of Aquitane?
$7,201
Eleanor of Aquitaine

Final scores:

Neil Philip George
$17,201 $11,600 $2,199
2-day champion: $29,201 2nd place: trip to Scottsdale, Arizona 3rd place: RCA home theater, laserdisc & CD player

Game dynamics:

Coryat scores:

Neil Philip George
$12,000 $7,900 $1,100
22 R,
3 W
(including 2 DDs)
26 R
(including 1 DD),
2 W
7 R,
3 W

Combined Coryat: $21,000

[game clues] [game scores] [suggest correction]

Game tape date: 1994-07-26
The J! Archive is created by fans, for fans. Scraping, republication, monetization, and malicious use prohibited; this site may use cookies and collect identifying information. See terms. The Jeopardy! game show and all elements thereof, including but not limited to copyright and trademark thereto, are the property of Jeopardy Productions, Inc. and are protected under law. This website is not affiliated with, sponsored by, or operated by Jeopardy Productions, Inc. Join the discussion at JBoard.tv.